| 000 | 01596nam0a2200361 4500 | ||
|---|---|---|---|
| 001 | RU\NLR\bibl\1686507 | ||
| 005 | 20250616053151.0 | ||
| 010 |
_a978-5-7281-1068-2 _9300 |
||
| 021 |
_aRU _b2010-85065 _95681 |
||
| 035 | _a(NLR Aleph) 001677673 | ||
| 090 |
_a1081309 _c1081309 |
||
| 100 | _a20100603d2010 |||y0rusy50 ca | ||
| 101 | 0 |
_arus _deng _eeng |
|
| 102 | _aRU | ||
| 105 | _ay ||||||||| | ||
| 200 | 1 |
_aМежду современностью и традицией _eполитические альтернативы постсоветской Центральной Азии _fН.А. Борисов _g[Рос. гос. гуманит. ун-т] |
|
| 210 |
_aМосква _cРоссийский государственный гуманитарный университет _d2010 |
||
| 215 |
_a367, [6] с. _d20 |
||
| 300 | _aРез. на англ. яз. | ||
| 320 | _aБиблиогр. в примеч. и библиогр.: с. 309-365 | ||
| 607 |
_aЦентральноазиатские страны _xПолитика и управление _z1991 - _92381780 _3RU\NLR\auth\661421008 |
||
| 686 | _aТ3(257)74-3 | ||
| 700 | 1 |
_4070 _7ca _8rus _aБорисов _bН. А. _cд-р полит. наук _f1982- _gНиколай Александрович _965926 _3RU\NLR\AUTH\7782998 |
|
| 801 | 0 |
_aRU _bNLR _c20100603 _gRCR |
|
| 801 | 1 |
_aRU _bNLR _c20100603 |
|
| 830 | _aавт. по кн. | ||
| 852 |
_aNLR _bОНЛ _j2010-3/33616 |
||
| 852 |
_aNLR _bОНЛ _jУ Т3(54)/Б-825 |
||
| 852 |
_aNLR _bОНЛ _j2010-3/33616 |
||
| 942 | _cBOOK | ||
| 980 | _aNB | ||